| Tag |
First Indicator |
Second Indicator |
Subfields |
| LEADER |
00000cam a2200000 a 4500 |
| 001 |
in00002139125 |
| 006 |
m e d # |
| 007 |
cr mn mmmmabba |
| 008 |
820426s1796 nhu s 000 0 eng d |
| 005 |
20260331151834.9 |
| 035 |
|
|
|z w033930
|
| 035 |
|
|
|a MAAR8204261603B
|
| 035 |
|
|
|9 mwa91-35144
|
| 035 |
|
|
|a 339420
|
| 035 |
|
|
|a aas03033930
|
| 040 |
|
|
|a MWA
|c MWA
|e bdrb
|d UtOrBLW
|
| 100 |
1 |
|
|a Leavitt, Dudley,
|d 1772-1851.
|
| 245 |
1 |
4 |
|a The New England calandar: or Almanack, for the year of our Lord 1797 :
|b ... Calculated for the meridian of Concord, latitude 43$ 14' N. longitude 72$ 45' W. : And with but little variation will answer for any of the Newengland states. /
|c By Dudley Leavitt.
|
| 264 |
|
1 |
|a [Concord, N.H.] :
|b From the Mirror Press of Russell & Davis, printers, Concord, Newhampshire,
|c [1796]
|
| 300 |
|
|
|a 24 pages ;
|c 16 cm. (duodecimo)
|
| 336 |
|
|
|a text
|b txt
|2 rdacontent
|
| 337 |
|
|
|a computer
|b c
|2 rdamedia
|
| 338 |
|
|
|a online resource
|b cr
|2 rdacarrier
|
| 510 |
4 |
|
|a Evans
|c 32365
|
| 510 |
4 |
|
|a Drake, M. Almanacs,
|c 4698
|
| 530 |
|
|
|a Microform version available in the Readex Early American Imprints series.
|
| 533 |
|
|
|a Electronic text and image data.
|b [Chester, Vt. :
|c Readex, a division of Newsbank, Inc.,
|d 2002-2004.
|e Includes files in TIFF, GIF and PDF formats with inclusion of keyword searchable text.
|f (Early American imprints. First series ; no. 32365).
|
| 500 |
|
|
|a Electronic resource.
|
| 655 |
|
7 |
|a Almanacs
|z New Hampshire
|y 1797.
|2 rbgenr
|
| 752 |
|
|
|a United States
|b New Hampshire
|d Concord.
|
| 830 |
|
0 |
|a Early American imprints.
|n Series I,
|p Evans (1639-1800) ;
|v no. 32365.
|
| 856 |
4 |
1 |
|u http://proxy.library.tamu.edu/login?url=https://opac.newsbank.com/select/evans/32365
|y Evans Digital Edition
|t 0
|
| 999 |
|
|
|a MARS
|
| 999 |
f |
f |
|s e8d8333a-0d09-3705-af76-06e159d42985
|i 82983aa0-17b1-3449-bebc-06ee8d26d60c
|t 0
|
| 952 |
f |
f |
|a Texas A&M University
|b College Station
|c Electronic Resources
|s www_evans
|d Available Online
|t 0
|h No information provided
|
| 998 |
f |
f |
|t 0
|l Available Online
|